[Event "XXX Zalakaros Open"]
[Site "Zalakaros HUN"]
[Date "2011.05.24"]
[Round "5"]
[White "Kislik,E"]
[Black "Korpa,B"]
[Result "1/2-1/2"]
[WhiteElo "2347"]
[BlackElo "2226"]

1.e4 d6 2.d4 Nf6 3.Nc3 e5 4.dxe5 dxe5 5.Qxd8+ Kxd8 6.Nf3 Bd6 7.Be3 Be6 8.Ng5 Ke7
9.Nxe6 fxe6 10.f3 Nbd7 11.Nd1 Bc5 12.Bd2 h6 13.Nf2 Bxf2+ 14.Kxf2 Ne8 15.Bb4+ Nd6
16.Rd1 Rad8 17.Be2 Nb8 18.c3 Nc6 19.Ba3 Kf6 20.Ke3 Nf7 21.Bd3 Ne7 22.Rd2 g5
23.Rhd1 Ng6 24.Bc5 a6 25.a4 Rd7 26.Ba3 Rhd8 27.b4 Nf4 28.Bf1 Rxd2 29.Rxd2 Rxd2
30.Kxd2 Nd6 31.c4 Nc8 32.a5 b6 33.axb6 cxb6 34.Kc3 Ng6 35.Bc1 Ke7 36.Be3 Kd7
37.g3 Nf8 38.Bh3 b5 39.Bc5 Nh7 40.Bf1 Kc6 41.Be2 Nb6 42.cxb5+ axb5 43.Be3 Nf6
44.h4 Nh5 45.hxg5 hxg5 46.Bf2 Nd7 47.Kd3 Ndf6 48.Be1 Kb6 49.Ke3 Nd7 50.Bd1 Kc6
51.Kf2 Nhf6 52.Bd2 Nh7 53.Bb3 Kd6 54.Be3 Nb8 55.Kg2 Nd7 56.Kh3 Ndf6 57.Bc5+ Kd7
58.Bd1 Ng8 59.Ba7 Nh6 60.Be2 Kc6 61.Bc5 Ng8 62.Bd3 Ngf6 63.Be7 Ng8 64.Bd8 Kd7
65.Bb6 Kc6 66.Be3 Ngf6 67.Bd2 Nd7 68.Bc1 Kb6 69.Kg2 Kc6 70.Kf2 Kb6 71.Bf1 Kc6
72.Ke3 Nhf8 73.Bh3 Kd6 74.Kd3 Nh7 75.Bb2 Nhf6 76.Bc3 Nh7 77.Ke3 Nb6 78.f4 gxf4+
79.gxf4 Nc4+ 80.Kf3 Nf8 81.f5 exf5 82.exf5 Nd7 83.Be1 Ncb6 84.Bf1 Nf6 85.Bxb5 Nbd5
86.Bd3 Kc6 87.Bd2 Kb6 88.Bc4 e4+ 89.Ke2 Kc6 90.Bg5 Nd7 91.b5+ Kc5 92.Bxd5 Kxd5
93.Bd8 Ke5 94.f6 Kd5 95.Ke3 Nxf6  1/2-1/2

[Event "ch-KAZ 2011"]
[Site "Astana KAZ"]
[Date "2011.05.25"]
[Round "10"]
[White "Aitbayev,A"]
[Black "Kazhgaleyev,M"]
[Result "1-0"]
[WhiteElo "2355"]
[BlackElo "2618"]

1.e4 d6 2.d4 Nf6 3.Nc3 e5 4.Nf3 exd4 5.Nxd4 Be7 6.Bf4 O-O 7.Qd2 d5 8.Ndb5 c6
9.Nc7 Bb4 10.f3 d4 11.Nxa8 Nd5 12.exd5 Re8+ 13.Be2 Qf6 14.O-O-O dxc3 15.Qd4 Rxe2
16.Qxf6 gxf6 17.Rd4 Bf5 18.Rxb4 Rxc2+ 19.Kd1 Na6 20.Rxb7 Nc5 21.Rb8+ Kg7
22.g4 Bg6 23.bxc3 cxd5 24.Nc7 Bd3 25.h4 h5 26.Rh2 Rxc3 27.Nxd5  1-0

[Event "ch-KAZ 2011"]
[Site "Astana KAZ"]
[Date "2011.05.25"]
[Round "10"]
[White "Ismagambetov,An"]
[Black "Karayev,A"]
[Result "1-0"]
[WhiteElo "2500"]
[BlackElo "2284"]

1.e4 d6 2.d4 Nf6 3.Nc3 e5 4.Nf3 Nbd7 5.Bc4 Be7 6.O-O O-O 7.Re1 c6 8.a4 exd4
9.Nxd4 d5 10.exd5 Nb6 11.Bb3 Nbxd5 12.Nxd5 Nxd5 13.Bxd5 cxd5 14.Bf4 Bc5 15.Nb3 Be7
16.Qh5 Be6 17.c3 Qb6 18.Qd1 Rac8 19.Be3 Qa6 20.Bd4 Rfe8 21.Qf3 b6 22.h3 Bf8
23.Nd2 Bc5 24.Qf4 Qd3 25.Nf3 Qc2 26.Qc1 Bf5 27.b4 Rxe1+ 28.Qxe1 Bd6 29.a5 Be4
30.Nd2 Bf4 31.Nf1 h5 32.Ne3 Qb2 33.axb6 Bxe3 34.bxa7 Bxf2+ 35.Bxf2 d4 36.cxd4 f5
37.a8=Q Bxa8 38.Qe6+ Kh7 39.Qxf5+  1-0

[Event "XXX Zalakaros Open"]
[Site "Zalakaros HUN"]
[Date "2011.05.25"]
[Round "6"]
[White "Medvegyne Balogh,E"]
[Black "Toplak,S"]
[Result "1-0"]
[WhiteElo "2118"]
[BlackElo "1892"]

1.e4 d6 2.d4 Nf6 3.Nc3 c6 4.Nf3 g6 5.Be3 Bg7 6.h3 Nbd7 7.Bd3 O-O 8.O-O Qc7
9.Re1 e5 10.dxe5 dxe5 11.Qd2 Ne8 12.Bh6 Nc5 13.Bxg7 Nxg7 14.Qh6 f6 15.Bf1 Qf7
16.Qe3 Nce6 17.Bc4 Kh8 18.Rad1 Qc7 19.Rd2 b5 20.Bb3 a5 21.a3 a4 22.Ba2 Nf4
23.Red1 g5 24.Qc5 Nge6 25.Qd6 Qg7 26.Qxc6 g4 27.Nh4 Bb7 28.Qd7 Rad8 29.Qxg7+ Kxg7
30.Rxd8 Rxd8 31.Rxd8 Nxd8 32.Nf5+ Kg6 33.hxg4 Ba6 34.Nd6 Nc6 35.Ncxb5 Ne2+
36.Kh2 Ned4 37.Nxd4 Nxd4 38.Bc4 Bxc4 39.Nxc4 Nxc2 40.Nb6 Ne1 41.Nxa4 Nd3
42.Kg3 Kf7 43.b4 Ke7 44.Nc5 Ne1 45.a4 Kd6 46.a5 Kc6 47.a6 Kb6 48.b5 Nc2 49.Nd7+ Ka7
50.Nxf6 Nd4 51.Nxh7 Nxb5 52.g5 Kxa6 53.g6  1-0

[Event "TCh-FRA Top 12 2011"]
[Site "Mulhouse FRA"]
[Date "2011.05.26"]
[Round "1.8"]
[White "Congiu,M"]
[Black "Milliet,S"]
[Result "0-1"]
[WhiteElo "2237"]
[BlackElo "2388"]

1.e4 d6 2.d4 Nf6 3.Nc3 e5 4.Nf3 Nbd7 5.Bc4 Be7 6.O-O O-O 7.h3 a6 8.a4 b6
9.Re1 Bb7 10.b3 h6 11.d5 Nh7 12.Ne2 Ng5 13.Ng3 Nxf3+ 14.Qxf3 Bg5 15.Be3 g6
16.Rf1 Bc8 17.Bd3 Qf6 18.Qxf6 Nxf6 19.a5 b5 20.b4 Rb8 21.Rfc1 Bxe3 22.fxe3 Bd7
23.c4 bxc4 24.Bxc4 Rxb4 25.Bxa6 Ra8 26.Bf1 Ra7 27.Rc4 Rb3 28.Kf2 Bb5 29.Rcc1 Bxf1
30.Rxf1 Rb5 31.Rfc1 h5 32.Kf3 Rbxa5 33.Rxa5 Rxa5 34.Rxc7 Ra1 35.h4 Ng4 36.Rc2 Ra3
37.Re2 Nh2+ 38.Kf2 Ng4+ 39.Kf3 Kf8 40.Nf1 f5 41.exf5 gxf5 42.Ng3 f4 43.Nf5 Nxe3
44.Nxe3 Kf7 45.Rb2 Rxe3+ 46.Kf2 Rd3 47.Rb7+ Kg6 48.Rb5 Kf5 49.Ke2 e4 50.Rb7 Rxd5
51.Rg7 Re5 52.Rg5+ Kf6 53.Rg8 Rf5 54.Re8 d5 55.Kf2 Kf7 56.Rd8 Ke6 57.Kf1 Ke5
58.Kf2 Kd4 59.Ra8 Rf7 60.Rh8 Ra7 61.Rxh5 Ra2+ 62.Kg1 e3 63.Rh8 Ra1+ 64.Kh2 e2  0-1

[Event "ch-Siberia Men"]
[Site "Barnaul RUS"]
[Date "2011.05.27"]
[Round "8"]
[White "Lykov,V"]
[Black "Efanov,Mikhail"]
[Result "1-0"]
[WhiteElo "2136"]
[BlackElo "1948"]

1.e4 d6 2.d4 Nf6 3.Nc3 c6 4.f4 Qa5 5.e5 Ne4 6.Bd2 Nxd2 7.Qxd2 d5 8.Bd3 e6
9.Nf3 c5 10.O-O Nc6 11.dxc5 Bxc5+ 12.Kh1 Bd7 13.a3 Qb6 14.Na4  1-0

[Event "TCh-FRA Top 12 2011"]
[Site "Mulhouse FRA"]
[Date "2011.05.27"]
[Round "2.8"]
[White "Le Diouron,A"]
[Black "Choisy,M"]
[Result "1/2-1/2"]
[WhiteElo "1981"]
[BlackElo "2207"]

1.d4 d6 2.e4 Nf6 3.Nc3 e5 4.dxe5 dxe5 5.Qxd8+ Kxd8 6.Bc4 Ke8 7.Nf3 Bd6 8.Be3 Be6
9.Bxe6 fxe6 10.Ng5 Ke7 11.f3 Nbd7 12.O-O-O a6 13.Rhe1 Raf8 14.Ne2 Nh5 15.Nh3 h6
16.c4 g5 17.Nc3 Nf4 18.Nxf4 exf4 19.Bg1 Bb4 20.Kc2 Rhg8 21.a3 Bxc3 22.Kxc3 Rd8
23.Rd2 Ne5 24.Red1 Rxd2 25.Rxd2 h5 26.Bd4 Nd7 27.b4 e5 28.Bf2 Ke6 29.a4 g4
30.Bh4 Nb8 31.b5 axb5 32.axb5 Nd7 33.Rd5 gxf3 34.gxf3 Rg2 35.Rd2 Rg1 36.Bd8 c6
37.bxc6 bxc6 38.Bc7 Rf1 39.Rd6+ Ke7 40.Rd3 Rf2 41.h4 Rh2 42.Rd6 Rh3 43.Rxc6 Rxf3+
44.Kd2 Re3 45.Rh6 Rxe4 46.Bd6+ Kf7 47.c5 Rc4 48.Rh7+ Ke8 49.Rh8+ Kf7 50.Rh7+ Ke8  1/2-1/2

[Event "Orlova Open"]
[Site "Orlova CZE"]
[Date "2011.05.27"]
[Round "7.14"]
[White "Kawulok,M"]
[Black "Orzechowski,J"]
[Result "0-1"]
[WhiteElo "1996"]
[BlackElo "2262"]

1.e4 d6 2.d4 Nf6 3.Nc3 Nbd7 4.Bc4 e5 5.Nf3 Be7 6.O-O O-O 7.Bb3 a6 8.a4 b6
9.Qe2 c6 10.h3 Bb7 11.Be3 b5 12.d5 b4 13.dxc6 Bxc6 14.Bd5 Qc8 15.Bxc6 Qxc6
16.Nd5 Nxd5 17.exd5 Qxd5 18.Rfd1 Qc6 19.Qd2 a5 20.b3 h6 21.Nh2 Nf6 22.f3 Nd5
23.Qd3 Nxe3 24.Qxe3 Bg5  0-1

[Event "30th NAO Open"]
[Site "Stillwater USA"]
[Date "2011.05.27"]
[Round "1.10"]
[White "Wawrzaszek,J"]
[Black "Giminez,Randy"]
[Result "1-0"]
[WhiteElo "1987"]
[BlackElo "1842"]

1.e4 d6 2.d4 Nf6 3.Nc3 Nbd7 4.Nf3 e5 5.dxe5 dxe5 6.Bc4 Be7 7.O-O c6 8.a4 a5
9.Qe2 h6 10.Nh4 Nf8 11.f4 Bg4 12.Nf3 Ng6 13.Bxf7+ Kxf7 14.f5 Bxf3 15.fxg6+ Kxg6
16.Qxf3 Qd6 17.Be3 Rhf8 18.Qf5+ Kf7 19.Rad1 g6 20.Qh3 Qe6 21.Qh4 Rh8 22.Rf3 g5
23.Qg3 Raf8 24.Rf5 Kg6 25.Rxe5 Qf7 26.Rf1 Bd6 27.Rxg5+ hxg5 28.Qxg5+ Kh7
29.e5 Qg6 30.exd6 Qxg5 31.Bxg5 Kg6 32.Bxf6 Rxf6 33.Rd1 Rd8 34.Ne4 Re6 35.Rd4 Kf5
36.g4+ Ke5 37.Ng5 Rexd6 38.Rxd6 Rxd6 39.Nf7+  1-0

[Event "Zonal 3.3"]
[Site "Tagaytay City PHI"]
[Date "2011.05.27"]
[Round "6"]
[White "Segarra,R"]
[Black "Olay,E"]
[Result "1-0"]
[WhiteElo "2311"]
[BlackElo "2343"]

1.e4 d6 2.d4 Nf6 3.Nc3 e5 4.Nf3 exd4 5.Nxd4 Be7 6.g3 O-O 7.Bg2 Na6 8.h3 Nc5
9.O-O a5 10.g4 Re8 11.Re1 Bf8 12.Bg5 c6 13.Qd2 h6 14.Bf4 Nfd7 15.Rad1 Ne5
16.b3 Qb6 17.Be3 f6 18.f4 Nf7 19.Bf2 Bd7 20.Nf5 Bxf5 21.gxf5 Qb4 22.Bd4 Qb6
23.Bf3 Qc7 24.a4 Nd7 25.Kh1 Re7 26.Rg1 Rae8 27.Rg4 Kh8 28.Rdg1 d5 29.Qg2 Nd6
30.Rg6 Nxf5 31.exf5 Qxf4 32.Qg4 Qxg4 33.R6xg4 Ne5 34.R4g3 Nxf3 35.Rxf3 Rd7
36.Rd1 c5 37.Bf2 d4 38.Nb5 Re2 39.Na3 Bd6 40.Kg1 Bc7 41.Kf1 Re4 42.c3 Rd5
43.Nb5 Rf4 44.Nxc7 Rxf3 45.Nxd5 Rxf5 46.Ne7 Rf3 47.cxd4 cxd4 48.Kg2 Rxb3
49.Rxd4  1-0

[Event "Zonal 3.3 Women"]
[Site "Tagaytay City PHI"]
[Date "2011.05.27"]
[Round "6"]
[White "Tuvshintugs,B"]
[Black "Docena,J"]
[Result "1-0"]
[WhiteElo "2313"]
[BlackElo "2035"]

1.d4 d6 2.e4 Nf6 3.Nc3 c6 4.Nf3 Bg4 5.h3 Bxf3 6.Qxf3 Nbd7 7.g4 e5 8.Be3 h6
9.O-O-O Qa5 10.Bc4 Be7 11.Bb3 Rf8 12.Ne2 O-O-O 13.Ng3 exd4 14.Bxd4 g6 15.Qe2 Nc5
16.Bc3 Nxb3+ 17.axb3 Qb6 18.Qd2 Qb5 19.Kb1 h5 20.Qf4 Ne8 21.gxh5 gxh5 22.Nf5 Rd7
23.Rhg1 Qb6 24.Nxe7+ Rxe7 25.Qh6  1-0

[Event "XXX Zalakaros Open"]
[Site "Zalakaros HUN"]
[Date "2011.05.27"]
[Round "8"]
[White "Medvegy,Z"]
[Black "Czebe,A"]
[Result "1/2-1/2"]
[WhiteElo "2536"]
[BlackElo "2473"]

1.e4 d6 2.d4 Nf6 3.Nc3 e5 4.dxe5 dxe5 5.Qxd8+ Kxd8 6.Bc4 Ke8 7.Nf3 Bd6 8.Bg5 Nbd7
9.O-O-O h6 10.Bh4 g5 11.Bg3 a6 12.a4 Kf8 13.Nd2 Kg7 14.f3 Bc5 15.Nb3 Bb4
16.a5 Re8 17.h4 g4 18.h5 Nc5 19.Nxc5 Bxc5 20.Nd5 Nxd5 21.Bxd5 c6 22.Bc4 Bb4
23.Rhf1 f6 24.Bh4 Bc5 25.fxg4 Be7 26.Rd3 Rb8 27.Bf2 Rd8 28.Rb3 Bxg4 29.Ba7 Ra8
30.Bb6 Rf8 31.Rg3 f5 32.exf5 Bg5+ 33.Be3 Bxe3+ 34.Rxe3 Bxh5 35.Rxe5 Rae8
36.Be6 Bg4 37.Re4 h5 38.Rfe1 Kf6 39.R1e3 Rd8 40.b3 Rd1+ 41.Kb2 Re8 42.g3 Re7
43.Bc8 Rxe4 44.Rxe4 Bxf5 45.Rf4 Rd5 46.Bxb7 Rxa5 47.Bxc6 Kg5 48.c4 Re5 49.Rf3 a5
50.Ka3 Re1 51.Rc3 h4 52.gxh4+ Kxh4 53.c5 Ra1+ 54.Kb2 Rb1+ 55.Ka2 Kg5 56.Bb7 a4
57.c6 axb3+ 58.Ka3 Be4 59.Bc8 Bxc6 60.Rc5+ Kf4 61.Rc4+ Ke5 62.Rxc6 b2 63.Rc5+ Kd6
64.Rb5 Rc1 65.Bf5 Rc5 66.Rb6+ Rc6 67.Rb7 Kc5 68.Bd3 Rb6 69.Rc7+ Kd6 70.Rc8  1/2-1/2

[Event "1st Alimini Village Open"]
[Site "Alimini ITA"]
[Date "2011.05.28"]
[Round "9"]
[White "Dvirnyy,D"]
[Black "Lazic,Mir"]
[Result "1/2-1/2"]
[WhiteElo "2448"]
[BlackElo "2471"]

1.e4 d6 2.d4 Nf6 3.Nc3 e5 4.Nge2 c6 5.a4 Be7 6.g3 exd4 7.Nxd4 d5 8.e5 Nfd7
9.e6 Nf6 10.exf7+ Kxf7 11.Bg2 Re8 12.O-O a5 13.h3 Na6 14.g4 Nc5 15.f4 Kg8
16.f5 h6 17.Bf4 Bd6 18.Qd2 Bxf4 19.Rxf4 Bd7 20.Raf1 Qe7 21.h4 Qe3+ 22.Qxe3 Rxe3
23.g5 hxg5 24.hxg5 Nfe4 25.Nxe4 Nxe4 26.Bxe4 Rxe4 27.Rxe4 dxe4 28.Ne2 Re8
29.Rf4 Re5 30.Ng3 e3 31.Kf1 g6 32.fxg6 Rxg5 33.Ne4 Rf5 34.Rxf5 Bxf5 35.Nd6 Bxc2
36.Nxb7 Bxa4 37.Ke2 Kg7 38.Kxe3 Kxg6 39.Nxa5 Kf6 40.Nxc6  1/2-1/2

[Event "ch-Siberia Women"]
[Site "Barnaul RUS"]
[Date "2011.05.28"]
[Round "9"]
[White "Kineva,E"]
[Black "Kharashuta,E"]
[Result "0-1"]
[WhiteElo "2130"]
[BlackElo "2274"]

1.e4 d6 2.d4 Nf6 3.Nc3 e5 4.Nf3 Nbd7 5.Bc4 Be7 6.O-O O-O 7.a4 c6 8.Ba2 b6
9.Re1 a6 10.h3 Rb8 11.Be3 b5 12.axb5 axb5 13.b4 Qc7 14.Qd3 Nb6 15.Reb1 Bd7
16.Nd2 exd4 17.Bxd4 c5 18.bxc5 dxc5 19.Be3 c4 20.Qe2 Qe5 21.Bxb6 Qxc3 22.Bc7 Rbc8
23.Bg3 Qxc2 24.Rc1 Qb2 25.Qd1 Rcd8 26.Rc2 Qd4 27.e5 Bf5 28.exf6 Bxc2 29.Qxc2 Qxa1+
30.Kh2 Bxf6  0-1

[Event "TCh-SLO"]
[Site "Ljubljana SLO"]
[Date "2011.05.28"]
[Round "2"]
[White "Stevic,H"]
[Black "Markus,Rob"]
[Result "1/2-1/2"]
[WhiteElo "2623"]
[BlackElo "2629"]

1.e4 d6 2.d4 Nf6 3.Nc3 e5 4.dxe5 dxe5 5.Qxd8+ Kxd8 6.Bc4 Ke8 7.f3 c6 8.a4 a5
9.Be3 Nbd7 10.Nge2 Bc5 11.Nd1 Ke7 12.Nc1 Bxe3 13.Nxe3 Nc5 14.Nd3 Nxd3+ 15.Bxd3 Rd8
16.O-O-O g6 17.Bc4 Rxd1+ 18.Rxd1 Ne8 19.Bb3 Nd6 20.Nc4 Nxc4 21.Bxc4 Be6 22.Bxe6 Kxe6
23.Rd3 Ke7 24.Kd2 Rd8 25.Rxd8 Kxd8 26.Kd3 Kc7 27.Kc4 b6 28.c3 Kb7 29.b4 Ka6
30.Kb3 b5 31.c4 bxa4+ 32.Kxa4 axb4 33.Kxb4  1/2-1/2

[Event "Portuguese Cup Final"]
[Site "Matosinhos POR"]
[Date "2011.05.28"]
[Round "1.2"]
[White "Viela,M"]
[Black "Galego,L"]
[Result "0-1"]
[WhiteElo "2211"]
[BlackElo "2500"]

1.e4 d6 2.d4 Nf6 3.Nc3 c6 4.f4 Qa5 5.e5 Ne4 6.Bd2 Nxd2 7.Qxd2 d5 8.Bd3 e6
9.Nf3 c5 10.Ne4 Qxd2+ 11.Nexd2 Nc6 12.c3 Bd7 13.O-O Be7 14.Rae1 c4 15.Bb1 b5
16.g4 b4 17.f5 a5 18.Rf2 a4 19.Nf1 a3 20.cxb4 Bxb4 21.Rd1 axb2 22.Ng3 g6
23.fxg6 fxg6 24.Ng5 c3 25.Nxh7 Ke7 26.Bxg6 Rag8 27.Rf7+ Kd8 28.Bc2 Be8 29.Rf6 Rxg4
30.Rxe6 Nxd4 31.Ra6 Nxc2 32.Ra8+ Kc7 33.Nf6 Ne3  0-1

[Event "TCh-SLO"]
[Site "Ljubljana SLO"]
[Date "2011.05.29"]
[Round "3"]
[White "Kos,T"]
[Black "Mohr,G"]
[Result "1-0"]
[WhiteElo "2314"]
[BlackElo "2512"]

1.e4 d6 2.d4 Nf6 3.Nc3 e5 4.dxe5 dxe5 5.Qxd8+ Kxd8 6.Nf3 Bd6 7.Bc4 Be6 8.Bxe6 fxe6
9.Bg5 h6 10.Bh4 a6 11.O-O-O Nd7 12.Nd2 b5 13.f3 Nb6 14.Bf2 Nfd7 15.Nb3 b4
16.Nb1 a5 17.Nc5 Ke7 18.Nxd7 Nxd7 19.Nd2 Nb6 20.h4 Rhc8 21.h5 a4 22.Rh4 Kf7
23.Rg4 c5 24.g3 Be7 25.f4 Ra7 26.Be3 exf4 27.gxf4 Rd8 28.Rdg1 Bf8 29.Rg6 Rb7
30.R1g2 Nd7 31.Nc4 Nf6 32.Bxc5 Nxe4 33.Ne5+ Kg8 34.Bxf8 Rxf8 35.Nd3 Kh7 36.Rxe6 Nf6
37.Re5 Rc8 38.Ra5 Rc4 39.Rxa4 Nxh5 40.Rf2 Rf7 41.f5 Rg4 42.Rxb4 Rg5 43.c4 Ng3
44.c5 Nxf5 45.Rbf4 g6 46.b4 Rd7 47.Ne5 Re7 48.Nf3 Rg3 49.b5 Ne3 50.Rd4 Ng4
51.Rf1 Ne3 52.c6 Kg7 53.Rf2 Ng4 54.Rd7 Kf6 55.Rxe7 Kxe7 56.Re2+ Kd8 57.b6 Nf6
58.Rd2+ Kc8 59.b7+ Kc7 60.Rd8  1-0

[Event "TCh-FRA Top 12 2011"]
[Site "Mulhouse FRA"]
[Date "2011.05.29"]
[Round "4.5"]
[White "Genzling,A"]
[Black "Nisipeanu,LD"]
[Result "1/2-1/2"]
[WhiteElo "2395"]
[BlackElo "2659"]

1.d4 d6 2.e4 Nf6 3.Nc3 e5 4.Nge2 Be7 5.h3 h5 6.g3 c6 7.Bg2 b5 8.a3 Nbd7 9.O-O Bb7
10.Be3 a5 11.b3 b4 12.axb4 axb4 13.Na4 O-O 14.dxe5 dxe5 15.f3 Qc7 16.c4 Ra5
17.Rb1 Rd8 18.Qc2 Nc5 19.Nxc5 Bxc5 20.Bxc5 Rxc5 21.Rfd1 Ra5 22.Rxd8+ Qxd8
23.Nc1 h4 24.g4 Nd7 25.Nd3 Nf8 26.Bf1 Ne6 27.Qf2 Qe7 28.Qb6 Ra2 29.Qxb4 Nd4
30.Bg2 Qg5 31.f4 Ne2+ 32.Kh1 exf4 33.Bf3 Qd8 34.Bxe2 Rxe2 35.Qxb7 Qxd3 36.Qc8+ Kh7
37.Qf5+ Kg8 38.Qc8+  1/2-1/2

[Event "TCh-FRA Top 12 2011"]
[Site "Mulhouse FRA"]
[Date "2011.05.29"]
[Round "4.3"]
[White "Fedorchuk,S"]
[Black "Dumitrache,D"]
[Result "1-0"]
[WhiteElo "2654"]
[BlackElo "2445"]

1.e4 d6 2.d4 Nf6 3.Nc3 e5 4.Nf3 Nbd7 5.Bc4 Be7 6.O-O O-O 7.a4 a6 8.Qe2 exd4
9.Nxd4 Ne5 10.Ba2 c5 11.Nf5 Bxf5 12.exf5 Qd7 13.f4 Nc6 14.g4 Nb4 15.g5 Nxa2
16.Rxa2 Ne8 17.f6 gxf6 18.Nd5 Bd8 19.Ra3 Kh8 20.Rg3 Qc6 21.c4 Nc7 22.Rh3 Qe8
23.Qd3  1-0

[Event "TCh-FRA Top 12 2011"]
[Site "Mulhouse FRA"]
[Date "2011.05.29"]
[Round "4.8"]
[White "Le Diouron,A"]
[Black "Milliet,S"]
[Result "1/2-1/2"]
[WhiteElo "1981"]
[BlackElo "2388"]

1.d4 Nf6 2.Nc3 d6 3.e4 e5 4.dxe5 dxe5 5.Qxd8+ Kxd8 6.Bc4 Ke8 7.Nf3 Bd6 8.Be3 a6
9.O-O-O h6 10.h3 Nbd7 11.a3 Nf8 12.Nh4 g6 13.f4 Be6 14.Bd5 Bxd5 15.exd5 exf4
16.Bd4 N8h7 17.Rhe1+ Kd7 18.Ne4 Be7 19.Nf3 Rhf8 20.Nc5+ Bxc5 21.Bxc5 Rfe8
22.Ne5+ Kc8 23.Nxf7 Rxe1 24.Rxe1 b6 25.Bd4 Nxd5 26.Re8+ Kb7 27.Rxa8 Kxa8
28.Nxh6 c5 29.Be5 g5 30.Ng4 c4 31.Kd2 Kb7 32.Ke2 Kc6 33.g3 fxg3 34.Bxg3 Kc5
35.Kf3 Nf8 36.Ne3 Nxe3 37.Kxe3 Kd5 38.Bc7 b5 39.Kf3 Ne6 40.Bb6 Ke5 41.Kg4 Kf6
42.Be3 Kg6 43.Bb6  1/2-1/2

[Event "3rd Orissa Open"]
[Site "Bhubaneswar IND"]
[Date "2011.05.31"]
[Round "5"]
[White "Rahman,Zia"]
[Black "Koshy,V"]
[Result "1-0"]
[WhiteElo "2534"]
[BlackElo "2320"]

1.d4 d6 2.e4 Nf6 3.Nc3 e5 4.Nf3 Nbd7 5.Bc4 Be7 6.O-O O-O 7.a4 a6 8.a5 b5
9.axb6 cxb6 10.Re1 Bb7 11.Ba2 b5 12.Bg5 h6 13.Bxf6 Bxf6 14.Bd5 Qc7 15.Bxb7 Qxb7
16.Nd5 Rfe8 17.Qd3 Be7 18.c3 Bd8 19.Nd2 Nf6 20.Nb4 a5 21.Nc2 Bc7 22.d5 Rec8
23.Ne3 g6 24.Rf1 Bd8 25.Kh1 Nh5 26.Ng4 Kg7 27.g3 Qd7 28.h3 Bg5 29.f4 exf4
30.gxf4 Bh4 31.Nf3 Qd8 32.Rg1 Nxf4 33.Qd2 Bg5 34.h4  1-0

[Event "TCh-FRA Top 12 2011"]
[Site "Mulhouse FRA"]
[Date "2011.05.31"]
[Round "6"]
[White "Cartier,N"]
[Black "Elbilia,J"]
[Result "0-1"]
[WhiteElo "2085"]
[BlackElo "2390"]

1.e4 d6 2.d4 Nf6 3.Nc3 e5 4.Nf3 Nbd7 5.Bc4 Be7 6.O-O O-O 7.Re1 a6 8.a4 b6
9.h3 Bb7 10.Ba2 c6 11.Bg5 Qc7 12.Nh4 g6 13.Kh1 Kg7 14.Qd2 Ng8 15.Rad1 Ndf6
16.f4 Rad8 17.fxe5 dxe5 18.d5 h6 19.Bxf6+ Nxf6 20.Qf2 cxd5 21.exd5 Nh5 22.Nf3 Bd6
23.Re4 f5 24.Rc4 Bc5 25.Qh4 e4 26.Rxc5 bxc5 27.Nd2 Ng3+ 28.Kg1 g5  0-1

[Event "IV Sudety Open"]
[Site "Szklarska Poreba POL"]
[Date "2011.05.31"]
[Round "4"]
[White "Musialkiewicz,J"]
[Black "Malaniuk,V"]
[Result "0-1"]
[WhiteElo "2128"]
[BlackElo "2473"]

1.e4 d6 2.d4 Nf6 3.Nc3 e5 4.dxe5 dxe5 5.Qxd8+ Kxd8 6.Bc4 Ke8 7.Bg5 Bb4 8.O-O-O c6
9.Nf3 Nbd7 10.Rhe1 Ba5 11.Bh4 h6 12.Bb3 Bc7 13.Nd2 Nc5 14.Nc4 Be6 15.Nd6+ Bxd6
16.Rxd6 Ke7 17.Rdd1 g5 18.Bg3 Nfd7 19.Na4 Nxa4 20.Bxa4 Bxa2 21.b3 Rhb8 22.Kb2 b5
23.Kxa2 bxa4 24.f3 axb3+ 25.cxb3 a5 26.Rb1 Rb5 27.Rec1 Kd6 28.Rc4 f6 29.Rbc1 c5
30.Bf2 Kc6 31.Ka3 h5 32.h3 h4 33.R1c2 Re8 34.R2c3 Re6 35.Kb2 Rb4 36.Rc1 Rxc4
37.bxc4 Re8 38.Rd1 Rb8+ 39.Kc3 Rb4 40.Rd5 a4 41.Rd2 Nb6 42.Rd8 a3  0-1

[Event "3rd Orissa Open"]
[Site "Bhubaneswar IND"]
[Date "2011.06.01"]
[Round "6"]
[White "Satyapragyan,S"]
[Black "Hossain,Enam"]
[Result "0-1"]
[WhiteElo "2451"]
[BlackElo "2478"]

1.e4 d6 2.d4 Nf6 3.Nc3 Nbd7 4.g3 e5 5.Nge2 c6 6.Bg2 b5 7.a3 a6 8.O-O Be7
9.h3 h5 10.Be3 Bb7 11.Qd2 Qc7 12.Rad1 a5 13.d5 O-O 14.dxc6 Bxc6 15.Nd5 Bxd5
16.exd5 Rfc8 17.Rc1 Qb7 18.Bg5 b4 19.axb4 axb4 20.Ra1 Bd8 21.Rxa8 Rxa8 22.Nc1 Ra1
23.Re1 Bb6 24.Nd3 Ra4 25.Kh2 Bd4 26.c3 bxc3 27.bxc3 Bb6 28.Nb4 Qa8 29.Rb1 e4
30.Re1 Bc5 31.Bxf6 Nxf6 32.Bxe4 Qa5 33.Bg2 Rxb4 34.cxb4 Bxb4 35.Qc2 Bxe1
36.Qc8+ Kh7 37.Qf5+ Kh8 38.Qc8+ Ng8 39.Qf5 Nh6  0-1

[Event "29th Liechtenstein Open"]
[Site "Triesen LIE"]
[Date "2011.06.01"]
[Round "6.15"]
[White "Nussbaumer,Laslo"]
[Black "Simon,Pete GER"]
[Result "0-1"]
[WhiteElo "1821"]
[BlackElo "2159"]

1.e4 d6 2.d4 Nf6 3.Nc3 e5 4.dxe5 dxe5 5.Qxd8+ Kxd8 6.Bg5 Be6 7.O-O-O+ Kc8
8.Nf3 Nbd7 9.Nd5 Nxe4 10.Be3 c6 11.Nc3 Nxc3 12.bxc3 f6 13.Be2 Bc5 14.Bxc5 Nxc5
15.Rhe1 Kc7 16.Bd3 Rad8 17.c4 Na4 18.a3 g6 19.Rd2 Rhe8 20.Red1 Nb6 21.c5 Na4
22.h4 Nxc5 23.h5 e4  0-1

[Event "29th Liechtenstein Open"]
[Site "Triesen LIE"]
[Date "2011.06.01"]
[Round "6.19"]
[White "Baumann,K2"]
[Black "Poettinger,H"]
[Result "0-1"]
[WhiteElo "2004"]
[BlackElo "2198"]

1.e4 d6 2.d4 Nf6 3.Nc3 e5 4.Nf3 Nbd7 5.Bc4 Be7 6.O-O O-O 7.Qe2 exd4 8.Nxd4 Ne5
9.h3 Nxc4 10.Qxc4 Nxe4 11.Nxe4 d5 12.Qe2 dxe4 13.Qxe4 Bf6 14.Nb3 Re8 15.Qf3 Qe7
16.c3 Qe2 17.Qxe2 Rxe2 18.Bd2 Be6 19.Rfe1 Rxe1+ 20.Rxe1 b6 21.Bf4 c5 22.Nc1 Rd8
23.a3 g5 24.Be3 Kg7 25.Ne2 Kg6 26.Ng3 Bd5 27.Rd1 Bc6 28.Rxd8 Bxd8 29.f3 f5
30.Nf1 f4 31.Bc1 Bd5 32.Kf2 Kf5 33.Nd2 c4 34.Ke2 Be7 35.Nf1 Bd6 36.Nd2 Ke5
37.Nf1 Bc5 38.Bd2 Be6 39.Be1 Bf5 40.Bd2 Bd3+ 41.Ke1 h6 42.Nh2 h5 43.Nf1 Bg1
44.g3 Kf5 45.h4 gxh4 46.Bxf4 hxg3 47.Bxg3 Bxf1 48.Kxf1 Be3 49.Bb8 a6  0-1

[Event "ch-Flanders 2011"]
[Site "Ghent BEL"]
[Date "2011.06.02"]
[Round "1.3"]
[White "Roos,Ad"]
[Black "Vandenbussche,T"]
[Result "0-1"]
[WhiteElo "2127"]
[BlackElo "2343"]

1.d4 d6 2.e4 Nf6 3.Nc3 e5 4.Nf3 Nbd7 5.Bc4 Be7 6.O-O O-O 7.Re1 c6 8.a4 a5
9.b3 Nb6 10.Bf1 exd4 11.Nxd4 d5 12.e5 Ne8 13.Bd3 g6 14.Nce2 Ng7 15.c3 Nd7
16.Ng3 f6 17.exf6 Bxf6 18.Ba3 Rf7 19.Ra2 Ne5 20.Bf1 Qc7 21.Rae2 h5 22.f4 Ng4
23.Bc1 Bd7 24.Qd3 h4 25.Nh1 Nf5 26.h3 Nxd4 27.Qxg6+ Kf8 28.hxg4 Nxe2+ 29.Rxe2 Re8
30.f5 Rxe2 31.Bxe2 Qe5 32.Ba3+ Be7 33.Bxe7+ Kxe7 34.Qg5+ Kd6 35.Bf3 Qxc3
36.Qxh4 Qc1+ 37.Kh2 Qf4+ 38.Kh3 Kc7 39.Ng3 d4 40.Qh8 d3 41.Nh5 Qd6 42.Qc3 b6
43.Qd2 Qd4 44.Nf4 Re7 45.Nxd3 Re3  0-1

[Event "TCh-FRA Top 12 2011"]
[Site "Mulhouse FRA"]
[Date "2011.06.02"]
[Round "8"]
[White "Marcelin,C"]
[Black "Dumitrache,D"]
[Result "1/2-1/2"]
[WhiteElo "2482"]
[BlackElo "2445"]

1.e4 d6 2.d4 Nf6 3.Nc3 e5 4.Nge2 Nbd7 5.h3 h5 6.g3 Be7 7.Bg2 a6 8.a4 b6 9.O-O c6
10.Be3 Bb7 11.Kh1 b5 12.d5 O-O 13.f4 Qc7 14.dxc6 Bxc6 15.Nd5 Bxd5 16.exd5 Rac8
17.c3 Nc5 18.axb5 axb5 19.Bxc5 dxc5 20.Ra6 Rcd8 21.Qb3 Bd6 22.Qxb5 exf4 23.Nxf4 h4
24.Rc6 Qd7 25.gxh4 Rb8 26.Qa6 Rfd8 27.Qc4 Rxb2 28.Nd3 Rc2 29.Nxc5 Bxc5 30.Rxc5 Nh5
31.Kg1 Ng3 32.Rc7 Ne2+ 33.Kh1 Ng3+ 34.Kg1 Ne2+ 35.Kh1 Ng3+ 36.Kg1 Qe8 37.Rfxf7  1/2-1/2

[Event "Fynsmesterskabet 2011"]
[Site "Odense DEN"]
[Date "2011.06.02"]
[Round "2.14"]
[White "Rendboe,J"]
[Black "Danielsen,Hen"]
[Result "1/2-1/2"]
[WhiteElo "2272"]
[BlackElo "2545"]

1.d4 d6 2.e4 Nf6 3.Nc3 Nbd7 4.Nf3 e5 5.Bc4 Be7 6.O-O O-O 7.a4 a5 8.Re1 c6
9.h3 Nb6 10.Bd3 exd4 11.Nxd4 d5 12.e5 Ne8 13.b3 g6 14.Nce2 Ng7 15.Ng3 f6
16.exf6 Bxf6 17.c3 Bd7 18.Ba3 Rf7 19.Qc2 Rc8 20.Nf3 c5 21.Ne5 Bxe5 22.Rxe5 Qc7
23.Qe2 c4 24.bxc4 Nxa4 25.cxd5 Qxc3 26.Ra2 b5 27.Re3 Qd4 28.Rc2 Nc3 29.Qe1 Nxd5
30.Bb2 Qa7 31.Rxc8+ Bxc8 32.Re5 Bb7  1/2-1/2

[Event "Fynsmesterskabet 2011"]
[Site "Odense DEN"]
[Date "2011.06.02"]
[Round "3.20"]
[White "Frisk,E"]
[Black "Preuss,F"]
[Result "1/2-1/2"]
[WhiteElo "2162"]
[BlackElo "1991"]

1.e4 d6 2.d4 Nf6 3.Nc3 e5 4.dxe5 dxe5 5.Qxd8+ Kxd8 6.Bg5 Be6 7.O-O-O+ Nd7
8.f4 exf4 9.Nf3 h6 10.Bxf4 c6 11.Nd4 Bb4 12.e5 Nd5 13.Nxd5 Bxd5 14.e6 Bxe6
15.Ba6 bxa6 16.Nxc6+ Kc8 17.Nxb4 Kb7 18.Rd6 Nb6 19.Rhd1 Rac8 20.a3 Rc4 21.R1d4 Rhc8
22.c3 Rxd4 23.Rxd4 a5 24.Nd3 h5 25.Bd6 Bf5 26.Ne5 Be6 27.Nf3 g6 28.Bf4 Rc4
29.Kc2 a4 30.Be5 Rxd4 31.Nxd4 Bd5 32.g3 Nc4 33.Bf4 Be4+ 34.Kc1 a6 35.Bg5 Ne5
36.b3 Nf3 37.Nxf3 Bxf3 38.b4 Bd5 39.Kd2 Bc4 40.Ke3 Kc6 41.Kd4 Kb5 42.Be7 Bb3
43.Bf6  1/2-1/2

[Event "TCh-BUL GpA Men"]
[Site "Albena BUL"]
[Date "2011.06.03"]
[Round "2.4"]
[White "Berbatov,K"]
[Black "Nevednichy,V"]
[Result "0-1"]
[WhiteElo "2490"]
[BlackElo "2542"]

1.e4 d6 2.d4 Nf6 3.Nc3 e5 4.Nf3 Nbd7 5.Bc4 Be7 6.O-O O-O 7.Re1 a6 8.a4 b6
9.Ne2 exd4 10.Nfxd4 Ne5 11.Ba2 Bb7 12.Ng3 Re8 13.Nf3 Nfd7 14.Nxe5 Nxe5 15.Bd5 Bxd5
16.exd5 Qd7 17.Ra3 Bh4 18.Re4 Bxg3 19.Rxg3 f5 20.Rd4 Ng4 21.h3 Nf6 22.Re3 Rxe3
23.Bxe3 Re8 24.Qd3 a5 25.f3 h6 26.g4 Qf7 27.Bf2 fxg4 28.hxg4 Nd7 29.f4 Nf6
30.Qf3 Qg6 31.f5 Qg5 32.Rc4 Re7 33.Kh2 Re5 34.Kh3 h5 35.gxh5 Rxf5 36.Qg3 Qxh5+
37.Rh4 Qd1  0-1